| 000 | 00565nam a2200217Ia 4500 | ||
|---|---|---|---|
| 005 | 20250923150100.0 | ||
| 008 | 008 250917s9999 xx 000 0 eng d | ||
| 037 | _aTextual | ||
| 040 |
_aDSWL _beng _cDSWL |
||
| 041 |
_aeng _2eng |
||
| 084 | _qDSWL | ||
| 100 |
_aDact, J _9842024 |
||
| 245 | 4 |
_aThe consumer protection Act, 1986: Bare Act _c by J. Davy |
|
| 260 |
_aDelhi _bUniversal law Publications _c2001 |
||
| 300 | _a32p. | ||
| 365 |
_aINR _b20 |
||
| 700 |
_a S Ellis _9842025 |
||
| 925 | _g20 | ||
| 942 | _cTEXL | ||
| 999 |
_c1459356 _d1459356 |
||